| 000 | 00764nam a2200253Ia 4500 | ||
|---|---|---|---|
| 003 | OSt | ||
| 005 | 20220927103429.0 | ||
| 006 | a|||||r|||| 00| 0 | ||
| 007 | ta | ||
| 008 | 220926b |||||||| |||| 00| 0 eng d | ||
| 024 | _a77016 | ||
| 037 | _cReference Collections | ||
| 040 |
_aRTL _cRTL _beng |
||
| 041 |
_2eng _aeng |
||
| 082 | _a"X9:89KaN7, L0/UN" | ||
| 110 | _aUnited Nations Industrial Development Organization | ||
| 245 | 0 | _aIndustrial location and regional development | |
| 260 |
_aNew _bYork United Nations USA _c1970 |
||
| 300 |
_a165p. _ccm. |
||
| 650 |
_aLocation _9358264 |
||
| 700 | _aUnited Nations Industrial Development Organization | ||
| 942 |
_h"X9:89KaN7, L0/UN" _cCC |
||
| 999 |
_c683296 _d683296 |
||